000 00792cam a2200313 i 4500
001 0000539
003 DO-SdBNP
005 20180124145648.0
007 0000539
008 100514s 1991 cu a | |||| 000 f spa
015 _a
017 _a
_b
035 _a
040 _aBPMSU
_bspa
_cBPMSU
_e
080 _a
100 1 _aFrank, Eduardo
245 1 4 _aLos dioses astronautas /
_h
_cEduardo Frank
260 _aLa Habana :
_bGente Nueva,
_c1991.
300 _a162 p.:
_bil.
_c20 m
490 1 _aBiblioteca juvenil
490 1 _aSuspenso
504 _aBiografĂ­a p: 156-162
586 _aPremio Doncel de biografĂ­a 1962
830 0 _aBiblioteca juvenil
830 0 _aSuspenso
942 _2ddc
_cBK
945 _aInventariado, 2018 / YL
956 _aYLOCKWARD
_cBPMSU
_b10
999 _c10907
_d10907